Le prix de l'essence dans les 50 plus grands pays du monde - Statistiques

Statistiques générales
  • Ce quiz a été pris 47 fois
  • Le résultat moyen est 4 sur 50
Statistiques - réponses
Prix du litre en € Continent Pays % Correct
0.004 Amérique Venezuela
75%
0.026 Asie Iran
43%
1.878 Europe France
38%
0.580 Europe / Asie Russie
28%
0.952 Asie / Europe Turquie
18%
0.933 Amérique Etats-Unis
15%
0.029 Afrique Libye
15%
0.308 Afrique Algérie
13%
0.565 Asie Arabie Saoudite
10%
0.285 Afrique Angola
8%
0.603 Amérique Colombie
8%
1.606 Europe Espagne
8%
0.389 Asie Turkménistan
8%
0.784 Asie Afghanistan
5%
1.030 Océanie Australie
5%
0.492 Amérique Bolivie
5%
1.954 Europe Danemark
5%
0.338 Afrique Egypte
5%
0.866 Asie Indonésie
5%
0.432 Asie Kazakhstan
5%
0.847 Asie Ouzbékistan
5%
0.955 Amérique Argentine
3%
0.934 Asie Birmanie
3%
1.004 Afrique Botswana
3%
0.993 Amérique Brésil
3%
1.192 Amérique Canada
3%
1.028 Afrique Ethiopie
3%
0.971 Afrique Namibie
3%
0.519 Afrique Nigeria
3%
0.993 Asie Pakistan
3%
0.797 Afrique Soudan
3%
1.073 Afrique Tanzanie
3%
1.131 Afrique Afrique-du-Sud
0%
1.110 Afrique Cameroun
0%
1.977 Afrique Centrafrique
0%
1.459 Amérique Chili
0%
1.114 Asie Chine
0%
1.158 Asie Inde
0%
1.210 Afrique Kenya
0%
1.215 Afrique Madagascar
0%
1.322 Afrique Mali
0%
1.297 Afrique Maroc
0%
1.222 Amérique Mexique
0%
1.282 Asie Mongolie
0%
1.238 Afrique Mozambique
0%
1.222 Amérique Pérou
0%
1.239 Afrique RD Congo
0%
1.164 Asie Thaïlande
0%
1.153 Europe Ukraine
0%
1.413 Afrique Zambie
0%
Aucun quiz correspondant
Distribution des résultats
% des personnes avec chaque résultat
Percentile par nombre de réponses
Votre historique - résultats
Vous n’avez pas pris ce quiz